000 00755nam a22002297a 4500
008 150515b xxu||||| |||| 00| 0 eng d
020 _a9780073530741 (alk. paper)
020 _a0073530743 (alk. paper)
041 _aeng
080 _a658.15
100 1 _aBrealey, Richard A.
245 1 0 _aPrinciples of corporate finance /
_cRichard A. Brealey, Stewart C. Myers, Franklin Allen.
250 _aBotimi dytë
260 _aNew York :
_bMcGraw-Hill Irwin,
_cc2011.
300 _a1 volum. Fletë të ndryshme
_bme il.;
_c27 cm.
490 0 _aThe McGraw-Hill/Irwin series in finance, insurance, and real estate
500 _aIndex:f. I-I14
650 0 _xFinancat
700 1 _aMyers, Stewart C.
700 1 _aAllen, Franklin,
_d1956-
942 _2udc
_cBK
999 _c753
_d753